Brilliant networking: (Record no. 38285)

MARC details
000 -LEADER
fixed length control field 00735nam a22002057a 4500
005 - DATE AND TIME OF LATEST TRANSACTION
control field 2010072205365.0
010 ## - LCCN (DPL NO)
LC control number ENG-97361
020 ## - INTERNATIONAL STANDARD BOOK NUMBER
Terms of availability 299.00
International Standard Book Number 9788131727966
035 ## - SYSTEM CONTROL NUMBER
System control number EN-80894
037 ## - SOURCE OF ACQUISITION
Source of stock number/acquisition DBAD/VEN
082 ## - DEWEY DECIMAL CLASSIFICATION NUMBER
Classification number 650.13
100 ## - MAIN ENTRY--PERSONAL NAME
Personal name D' Souza, Steven
245 ## - TITLE STATEMENT
Title Brilliant networking:
Statement of responsibility, etc by Steven D' Souza
Remainder of title wath the best networkers know, do and say /
260 ## - PUBLICATION, DISTRIBUTION, ETC. (IMPRINT)
Place of publication, distribution, etc Delhi
Name of publisher, distributor, etc Dorling Kindersley (India)
Date of publication, distribution, etc 2009
270 ## - ADDRESS
Address 482, F.I.E., Patparganj,
City Delhi
Postal code 110092
300 ## - PHYSICAL DESCRIPTION
Extent xii, 228p
Dimensions 22cm (pbk)
942 ## - ADDED ENTRY ELEMENTS (KOHA)
Source of classification or shelving scheme Dewey Decimal Classification
Item type English Books
Call number suffix DSO
Classification part 650.13
Holdings
Withdrawn status Lost status Not for loan Collection code Home library Current library Date acquired Source of acquisition Cost, normal purchase price Full call number Barcode Copy number Cost, replacement price Koha item type
    Not For Loan Non-fiction D.B.Act.Division D.B.Act.Division 30/07/2010 DBAD/VEN 299.00 650.13 DSO EN-80894 1 299.00 English Books

© Delhi Public Library
Hit Counter
free hit counter